Environmental Economics

Saved in:
Bibliographic Details
Format: Serial
Language:English
Published: Sumy LLC CPC Business Perspectives
Tags: Add Tag
No Tags, Be the first to tag this record!

MARC

LEADER 00000nas1a2200000 4500
001 0302689
005 20250627112912.2
022 |a 1998-6041 
022 |a 1998-605X 
041 0 |a eng 
044 |a UA 
245 1 0 |a Environmental Economics 
264 1 |a Sumy  |b LLC CPC Business Perspectives